000
00302nam a22001337a 4500
008
180314b xxu||||| |||| 00| 0 eng d
020
_a
9780273754282
041
_a
eng
080
_a
658
100
_a
58
101
_a
man
245
_a
principles managerial finance
_c
gitman.l.j
942
_2
udc
_c
BK
999
_c
44994
_d
44994